| 000 | 01116nam0a22002531i 4500 | ||
|---|---|---|---|
| 001 | rc\2166714 | ||
| 005 | 20240726020420.0 | ||
| 035 | _a(NLR Aleph) 006603207 | ||
| 090 |
_a7270075 _c7270075 |
||
| 100 | _a20110829d1978 |||y0rusy50 ca | ||
| 101 | 0 | _arus | |
| 102 | _aRU | ||
| 105 | _ay d ||||| | ||
| 200 | 1 |
_aДифференцированная проверка знаний учащихся путем программированного опроса _e(На материале преподавания имени сущ. литов. яз. в 5 кл.) _eАвтореф. дис. на соиск. учен. степ. канд. пед. наук _e(13.00.02) _fВильнюс. гос. ун-т им. В. Капсукаса |
|
| 210 |
_aВильнюс _d1978 |
||
| 215 | _a23 с. | ||
| 320 | _aСписок работ авт.: с. 19-21 (21 назв.) | ||
| 700 | 1 |
_aБражинскас _bА.А. _gАльбинас Александрович |
|
| 801 | 0 |
_aRU _bNLR _gpsbo |
|
| 801 | 1 |
_aRU _bELAR _2rusmarc |
|
| 852 |
_aNLR _j79-4/6660 |
||
| 899 |
_aRuMoRGB _jДр 371/1943 |
||
| 899 |
_aRuMoRGB _jДр 371/1944 |
||
| 942 | _cBOOK | ||